| 000 | 00966nam a22003137a 4500 | ||
|---|---|---|---|
| 003 | CHAP | ||
| 005 | 20220817042023.0 | ||
| 008 | 971013s1984 r 00010 d | ||
| 010 | _a32109 | ||
| 011 | _a33081 | ||
| 035 | _a37196 | ||
| 040 | _cCHAP | ||
| 082 |
_a632.6513 _bN5 |
||
| 100 | 0 | 0 |
_aNickle, William R. _981177 |
| 245 | _aPlant and insect nematodes | ||
| 260 |
_aNew York : _bMarcel Dekker, _c1984 |
||
| 300 |
_a925 p. _b: ilus. |
||
| 590 |
_aBATCH-UPD _b10 _c20130109 _lUCH01 _h2355 |
||
| 590 |
_aBATCH-UPD _b10 _c20130110 _lUCH01 _h0930 |
||
| 590 |
_aBATCH-UPD _b10 _c20130410 _lUCH01 _h0549 |
||
| 590 |
_aBATCH-UPD _b10 _c20130913 _lUCH01 _h2004 |
||
| 590 |
_aCONVERSION _b10 _c20130109 _lUCH01 _h1318 |
||
| 650 | 1 | 4 |
_aAfídidos. _91031 |
| 650 | 1 | 4 | _aNemátodos parásitos de plantas. |
| 650 | 1 | 4 |
_aPlantas _xEnfermedades por nemátodos. _988833 |
| 901 | _aBK | ||
| 942 | _cLIBRO | ||
| 949 |
_a632.6513 N5 _bBC _cLIBRO _d33724000581971 _eLIBRO _h62580 _i37196 _si |
||
| 999 |
_c32109 _d32109 |
||